000 00582nam a22002177a 4500
003 OSt
005 20250910150837.0
008 250515t2024 ag ||||r|||| 000 j spa d
020 _a978-987-702-664-1
040 _cbesoc
080 _082-34(821.6)
100 1 _aLagunas, Alberto,
_d1940-2018
_eautor
245 1 3 _aEl canto que encanta /
_cAlberto Lagunas.
250 _a1a ed.
260 _aRosario :
_bUNR Editora,
_c2024.
300 _a88 p. ;
_c21 cm.
490 0 _aConfingere
650 4 _aLiteratura argentina
_vCuentos
_ySiglo XXI
655 4 _aCuentos
942 _2udc
_cLPD
_n0
999 _c488
_d488